| 000 | 00745nam a22001815i 4500 | ||
|---|---|---|---|
| 001 | 164311 | ||
| 003 | ES-MaACL | ||
| 005 | 20230906212919.0 | ||
| 008 | 011106s1849 fr |||| | fre d | ||
| 040 |
_aCCPB | B _bspa _cCCPB | B |
||
| 100 | 1 |
_aSaint-Genez, Théodore. _9132284 |
|
| 245 | 1 | 0 |
_aDe l'assistance publique _b: son passé, son organisation actuelle, bases sur lesquelles il conviendrait de l'asseoir a l'avenir / _cpar Théodore Saint-Genez et Patrice Rollet. |
| 260 |
_aParis : _blibrairie de Guillaumin, _c1849 ( _fH.V. de Surcy et c\pe\s) |
||
| 300 |
_a94 p. ; _c20 cm. |
||
| 650 | 4 |
_aAsistencia sanitaria. _9135638 |
|
| 700 | 1 |
_aRollet, Patrice. _9132018 |
|
| 852 |
_aES-MaACL _jR-1367(5) _z-- Enc. hol. _z.- Donat. Mateo Seoane |
||
| 999 |
_c164311 _d164311 |
||